| 000 | 00554nam a2200193 a 4500 | ||
|---|---|---|---|
| 005 | 20240913063722.0 | ||
| 008 | 991125s1989 san 000 0 spa u | ||
| 035 | _aUPN01000012906 | ||
| 049 | _aCG | ||
| 050 | 4 |
_aHM101 _bA4.2 1989 |
|
| 100 | 1 | _aAmodio, Emanuele | |
| 245 | 1 | 0 |
_aCultura / _cEmanuele Amodio. |
| 250 | _a2a ed. | ||
| 260 |
_aSantiago : _bOREALC : _bUNESCO, _c1989. |
||
| 300 | _a135 p. | ||
| 440 | 0 |
_aMateriales de apoyo para la formación docente en educación bilingüe intercultural ; _v1 |
|
| 650 | 4 |
_aCultura _97095 |
|
| 905 | _aLibro | ||
| 999 |
_c12906 _d12906 |
||